[Event "17. Europa ch Juvenil - Masculino s12"]
[Site "Sibenik CRO"]
[Date "2007.09.19"]
[Round "6.9"]
[White "Tejedor Fuentes, Enrique"]
[Black "Pagerka, Martin"]
[Result "1/2-1/2"]
[WhiteElo "1918"]
[BlackElo "2094"]
[PlyCount "154"]
[EventDate "2007.09.14"]
[EventType "swiss"]
[EventRounds "9"]
[EventCountry "CRO"]
[Source "lmi"]
[SourceDate "2007.09.14"]

1. e4 c5 2. Nf3 d6 3. d4 cxd4 4. Nxd4 Nf6 5. Nc3 a6 6. Be2 e5 7. Nb3 Be7 8. Be3
O-O 9. O-O Be6 10. Bf3 Qc7 11. Qd2 Nbd7 12. Rac1 Nb6 13. Bxb6 Qxb6 14. Nd5 Bxd5
15. exd5 Nd7 16. Be2 f5 17. Kh1 h6 18. Rcd1 Bg5 19. Qe1 Nc5 20. Nxc5 Qxc5 21.
c4 b5 22. Qa5 Rfb8 23. b4 Qc8 24. Rd3 Qxc4 25. Re1 e4 26. Rb3 Qc2 27. Kg1 Qd2
28. Kf1 Rc8 29. Rbb1 Bd8 30. Qa3 Bb6 31. Qg3 f4 32. Qh4 Rf8 33. Red1 Qc3 34.
Rbc1 Qe5 35. Qg4 f3 36. gxf3 Qxh2 37. Qg2 Qf4 38. Rc6 exf3 39. Bxf3 Bd8 40. Rd3
Bg5 41. Qg4 Qe5 42. Qe6+ Kh8 43. Qxe5 dxe5 44. d6 Rfd8 45. d7 Rab8 46. Rxa6 Bf6
47. Kg2 Kg8 48. Bh5 Rb7 49. Be8 Kf8 50. Rd5 Ke7 51. Kf3 h5 52. Rdd6 h4 53. Re6+
Kf8 54. Kg4 Rc7 55. Rec6 Rb7 56. f3 Ke7 57. f4 exf4 58. Kxf4 Kf8 59. Kg4 Ke7
60. Re6+ Kf8 61. Rec6 Ke7 62. Ra3 Rdxd7 63. Re3+ Kd8 64. Bxd7 Rxd7 65. Re4 Rd2
66. Rc5 Rxa2 67. Rxb5 Rg2+ 68. Kh3 Rg3+ 69. Kh2 Rb3 70. Rc5 Rb2+ 71. Kh3 Rb3+
72. Kg2 Rb2+ 73. Kh1 Rb1+ 74. Kh2 Rb2+ 75. Kh3 Rb3+ 76. Kh2 Rb2+ 77. Kh3 Rb3+
1/2-1/2

[Event "17. Europa ch Juvenil - Masculino s12"]
[Site "Sibenik CRO"]
[Date "2007.09.19"]
[Round "6.10"]
[White "Pardo Simon, David"]
[Black "Monev, Alexander"]
[Result "1-0"]
[WhiteElo "2080"]
[BlackElo "1951"]
[PlyCount "119"]
[EventDate "2007.09.14"]
[EventType "swiss"]
[EventRounds "9"]
[EventCountry "CRO"]
[Source "lmi"]
[SourceDate "2007.09.14"]

1. e4 c5 2. Nc3 Nc6 3. Bb5 Nd4 4. Nf3 Nxb5 5. Nxb5 d6 6. d4 cxd4 7. Qxd4 Bd7 8.
Nc3 e6 9. Bg5 Nf6 10. O-O-O Be7 11. Qd3 a6 12. Kb1 Qc7 13. Bf4 e5 14. Bg5 Be6
15. Bxf6 gxf6 16. Nd5 Bxd5 17. Qxd5 Rc8 18. c3 Qc6 19. Nh4 Qxd5 20. Rxd5 Rg8
21. g3 b5 22. Nf5 Kd7 23. f3 Rc6 24. Rhd1 Re8 25. g4 Rb8 26. Ne3 Ke6 27. Rg1
Bd8 28. Rg3 Bb6 29. Nf5 Bc7 30. Rh3 Rh8 31. Rh6 Bd8 32. Ng7+ Ke7 33. Nh5 Bb6
34. Rd3 d5 35. exd5 Rd6 36. Ng3 Bd8 37. Nf5+ Kd7 38. Nxd6 Kxd6 39. g5 Rg8 40.
Rxh7 Rxg5 41. Rxf7 Be7 42. Rh7 Rg6 43. b3 f5 44. c4 Bf6 45. Rf7 e4 46. fxe4
fxe4 47. Rg3 Rh6 48. Ra7 Rxh2 49. Rxa6+ Ke5 50. Re6+ Kf4 51. Rg1 Bd4 52. Rg4+
Kf3 53. Rgxe4 Bg7 54. Re3+ Kf4 55. Re2 Rh1+ 56. Re1 Rh2 57. R6e2 Rh3 58. Rf1+
Kg5 59. Rg1+ Kh6 60. Re6+ 1-0

[Event "17. Europa ch Juvenil - Masculino s12"]
[Site "Sibenik CRO"]
[Date "2007.09.19"]
[Round "6.12"]
[White "Sanchez Ibern, Marc"]
[Black "Bujnosek, Tomas"]
[Result "1-0"]
[WhiteElo "2087"]
[BlackElo "1814"]
[PlyCount "51"]
[EventDate "2007.09.14"]
[EventType "swiss"]
[EventRounds "9"]
[EventCountry "CRO"]
[Source "lmi"]
[SourceDate "2007.09.14"]

1. e4 e5 2. Nc3 Nf6 3. g3 d5 4. exd5 Nxd5 5. Bg2 Nxc3 6. bxc3 c6 7. Nf3 Bd6 8.
O-O O-O 9. Re1 Re8 10. d4 exd4 11. Rxe8+ Qxe8 12. cxd4 Na6 13. Bb2 Bf5 14. Qd2
Nb4 15. c4 Na6 16. Re1 Qd7 17. Ne5 Bxe5 18. Rxe5 Re8 19. Rxe8+ Qxe8 20. d5 Bd7
21. Qg5 f6 22. Bxf6 g6 23. Bc3 Qf8 24. h4 Nc5 25. Qe5 Qf5 26. Qg7# 1-0

[Event "17. Europa ch Juvenil - Masculino s12"]
[Site "Sibenik CRO"]
[Date "2007.09.19"]
[Round "6.13"]
[White "Petrusic, Toni"]
[Black "Nikologorskiy, Konstantin"]
[Result "0-1"]
[WhiteElo "1906"]
[BlackElo "2084"]
[PlyCount "70"]
[EventDate "2007.09.14"]
[EventType "swiss"]
[EventRounds "9"]
[EventCountry "CRO"]
[Source "lmi"]
[SourceDate "2007.09.14"]

1. e4 c5 2. Nf3 d6 3. d4 cxd4 4. Nxd4 Nf6 5. Nc3 a6 6. f3 e5 7. Nb3 Be6 8. Be3
Nbd7 9. Qd2 Be7 10. O-O-O O-O 11. g4 b5 12. Kb1 b4 13. Ne2 a5 14. g5 Ne8 15. h4
Nb6 16. Ng3 Nc4 17. Bxc4 Bxc4 18. Nf5 a4 19. Nc1 Rb8 20. h5 b3 21. cxb3 axb3
22. a3 Be6 23. Ne2 d5 24. Nxe7+ Qxe7 25. exd5 Bf5+ 26. Ka1 Bc2 27. d6 Qd7 28.
Bc5 Bxd1 29. Rxd1 f6 30. g6 h6 31. Ng3 Kh8 32. Nf5 Rc8 33. Qd5 Rd8 34. Ne7 f5
35. Qc6 Qxe7 0-1

[Event "17. Europa ch Juvenil - Masculino s12"]
[Site "Sibenik CRO"]
[Date "2007.09.19"]
[Round "6.14"]
[White "Lukovic, Vladimir"]
[Black "Andersen, Mads"]
[Result "1/2-1/2"]
[WhiteElo "1898"]
[BlackElo "2070"]
[PlyCount "69"]
[EventDate "2007.09.14"]
[EventType "swiss"]
[EventRounds "9"]
[EventCountry "CRO"]
[Source "lmi"]
[SourceDate "2007.09.14"]

1. e4 c5 2. Nf3 d6 3. Bb5+ Bd7 4. Bxd7+ Qxd7 5. O-O Nc6 6. c3 e6 7. d4 cxd4 8.
cxd4 Nf6 9. Re1 d5 10. e5 Ne4 11. Nbd2 Nxd2 12. Bxd2 Be7 13. Re3 O-O 14. Rd3
Rac8 15. Ng5 h6 16. Nh3 f6 17. exf6 Bxf6 18. Qg4 Kh7 19. Re1 Rce8 20. Bc3 Qf7
21. f4 g6 22. g3 Bg7 23. Kg2 b5 24. b3 b4 25. Bb2 a5 26. Qe2 Qa7 27. Qd2 a4 28.
bxa4 Qxa4 29. a3 b3 30. Ng1 Na5 31. Qb4 Qxb4 32. axb4 Nc4 33. Rxb3 Nxb2 34.
Rxb2 Bxd4 35. Rc2 1/2-1/2

[Event "17. Europa ch Juvenil - Masculino s12"]
[Site "Sibenik CRO"]
[Date "2007.09.19"]
[Round "6.15"]
[White "Karabayir, Mustafa Yilmaz"]
[Black "Omelyanchuk, Viktor"]
[Result "1/2-1/2"]
[WhiteElo "1808"]
[BlackElo "2048"]
[PlyCount "63"]
[EventDate "2007.09.14"]
[EventType "swiss"]
[EventRounds "9"]
[EventCountry "CRO"]
[Source "lmi"]
[SourceDate "2007.09.14"]

1. e4 c5 2. Nf3 Nc6 3. d4 cxd4 4. Nxd4 Nf6 5. Nc3 e6 6. a3 d6 7. Be2 Be7 8. Be3
O-O 9. Nb3 a6 10. O-O b5 11. f4 Bb7 12. Bf3 Qc7 13. Qe1 b4 14. axb4 Nxb4 15.
Qf2 Nd7 16. Na5 Rac8 17. Nxb7 Qxb7 18. Rfd1 Nc5 19. f5 Qb8 20. Qg3 Kh8 21. Rac1
Rfd8 22. Bh5 Bf6 23. Bxf7 exf5 24. exf5 Qc7 25. Bh5 Bxc3 26. bxc3 Na2 27. Bd4
Nxc1 28. f6 Ne6 29. fxg7+ Nxg7 30. Rxc1 Rf8 31. Re1 Rb8 32. Qh4 1/2-1/2

[Event "17. Europa ch Juvenil - Masculino s12"]
[Site "Sibenik CRO"]
[Date "2007.09.19"]
[Round "6.16"]
[White "Yuksel, Atilla Koksal"]
[Black "Emiroglu, Cankut"]
[Result "1/2-1/2"]
[WhiteElo "1848"]
[BlackElo "1990"]
[PlyCount "120"]
[EventDate "2007.09.14"]
[EventType "swiss"]
[EventRounds "9"]
[EventCountry "CRO"]
[Source "lmi"]
[SourceDate "2007.09.14"]

1. e4 c5 2. Nf3 Nc6 3. d4 cxd4 4. Nxd4 g6 5. c4 Bg7 6. Be3 Nf6 7. Nc3 O-O 8.
Be2 d6 9. O-O Bd7 10. Qd2 a5 11. Ndb5 Nb8 12. f3 Bc6 13. Rfd1 Nbd7 14. Rab1 Kh8
15. b3 Qb8 16. Bf1 Ne8 17. Qf2 Nc7 18. Nxc7 Qxc7 19. Nd5 Bxd5 20. cxd5 Rfc8 21.
Rdc1 Qd8 22. Bb5 Kg8 23. g3 h6 24. Kg2 Kh7 25. h4 Rxc1 26. Rxc1 Rc8 27. Qd2 Nc5
28. h5 g5 29. Bd4 Bxd4 30. Qxd4 Qh8 31. Qxh8+ Kxh8 32. a3 Ra8 33. b4 axb4 34.
axb4 Ra2+ 35. Kh3 Rb2 36. bxc5 Rxb5 37. c6 bxc6 38. dxc6 Rb8 39. c7 Rc8 40. Kg4
e6 41. f4 gxf4 42. Kxf4 f6 43. Rc6 Kg7 44. Rxd6 Rxc7 45. Rxe6 Rc5 46. g4 Rc1
47. Re7+ Kf8 48. Rh7 Rf1+ 49. Ke3 Re1+ 50. Kd4 Rd1+ 51. Kc5 Rg1 52. Kd5 Rxg4
53. Ke6 Rxe4+ 54. Kxf6 Kg8 55. Rxh6 Re1 56. Kg5 Rg1+ 57. Kf4 Rf1+ 58. Kg3 Rg1+
59. Kf2 Rg5 60. Kf3 Kg7 1/2-1/2

[Event "17. Europa ch Juvenil - Masculino s12"]
[Site "Sibenik CRO"]
[Date "2007.09.19"]
[Round "6.18"]
[White "Hiti, Domen"]
[Black "Blazeka, Matej"]
[Result "1/2-1/2"]
[WhiteElo "1739"]
[BlackElo "1910"]
[PlyCount "100"]
[EventDate "2007.09.14"]
[EventType "swiss"]
[EventRounds "9"]
[EventCountry "CRO"]
[Source "lmi"]
[SourceDate "2007.09.14"]

1. d4 Nf6 2. c4 e6 3. Nf3 b6 4. Bf4 Bb7 5. e3 c5 6. Nc3 d5 7. Bxb8 Qxb8 8. cxd5
exd5 9. Bb5+ Kd8 10. dxc5 bxc5 11. O-O Bd6 12. h3 Ke7 13. Re1 Rd8 14. Qc2 Kf8
15. Rad1 Kg8 16. b3 a6 17. Be2 Bc6 18. Nh4 Qb7 19. Bf3 Be5 20. Ne2 Bd6 21. Nf5
Bf8 22. g4 a5 23. Nc3 g6 24. Ng3 d4 25. Bxc6 Qxc6 26. Na4 dxe3 27. Rxe3 Rxd1+
28. Qxd1 Nd5 29. Qf3 Rc8 30. Re2 Nb6 31. Qxc6 Rxc6 32. Nxb6 Rxb6 33. Re4 Rb4
34. Rxb4 cxb4 35. Kf1 f6 36. Ke2 Kf7 37. Kd3 Ke6 38. Ke4 Bc5 39. f4 Bf2 40. f5+
Kd6 41. fxg6 hxg6 42. Ne2 g5 43. Nd4 Bxd4 44. Kxd4 Ke6 45. Ke4 f5+ 46. gxf5+
Kf6 47. Ke3 Kxf5 48. Kf3 Kf6 49. Ke4 Ke6 50. Kf3 Kf5 1/2-1/2

[Event "17. Europa ch Juvenil - Masculino s12"]
[Site "Sibenik CRO"]
[Date "2007.09.19"]
[Round "6.19"]
[White "Srbis, Jurica"]
[Black "Tzouganakis, Panteleimon"]
[Result "0-1"]
[WhiteElo "2055"]
[BlackElo "1832"]
[PlyCount "114"]
[EventDate "2007.09.14"]
[EventType "swiss"]
[EventRounds "9"]
[EventCountry "CRO"]
[Source "lmi"]
[SourceDate "2007.09.14"]

1. e4 g6 2. d4 Bg7 3. Nc3 d6 4. Be3 Nf6 5. h3 O-O 6. Bc4 Nbd7 7. Nf3 e5 8. dxe5
dxe5 9. O-O c6 10. a4 Qc7 11. Qe2 Nh5 12. Rfd1 Kh8 13. Ng5 Kg8 14. Nxf7 Nf4 15.
Bxf4 exf4 16. Ng5+ Kh8 17. Ne6 Qa5 18. Nxf8 Nxf8 19. Rd3 Be6 20. Bxe6 Nxe6 21.
Rad1 Rf8 22. Rd6 f3 23. Qd2 Qe5 24. g3 Qh5 25. Kh2 Ng5 26. h4 Nf7 27. Rd7 Be5
28. Rh1 Qxh4+ 29. Kg1 Qg4 30. Rh4 Qe6 31. Rh1 Kg8 32. Rd3 Nd6 33. Qd1 Qf6 34.
Rh3 Nf7 35. Rxf3 Qe6 36. Rh1 Rd8 37. Rd3 Nd6 38. Qe2 Re8 39. f4 Bxc3 40. Rxc3
Nxe4 41. Re3 Nxg3 42. Rxe6 Nxe2+ 43. Rxe2 Rxe2 44. Rh3 Rxc2 45. b3 b5 46. axb5
cxb5 47. Rd3 Rb2 48. Rd8+ Kg7 49. Rd7+ Kh6 50. Rxa7 Rxb3 51. Kg2 Rb1 52. Ra6
Kh5 53. Kg3 Rb3+ 54. Kg2 Kg4 55. Ra7 h5 56. Rg7 Rg3+ 57. Kh1 Kxf4 0-1

[Event "17. Europa ch Juvenil - Masculino s12"]
[Site "Sibenik CRO"]
[Date "2007.09.19"]
[Round "6.20"]
[White "Williams, Peter Arthur"]
[Black "Loiseau, Quentin"]
[Result "1/2-1/2"]
[WhiteElo "1816"]
[BlackElo "2051"]
[PlyCount "65"]
[EventDate "2007.09.14"]
[EventType "swiss"]
[EventRounds "9"]
[EventCountry "CRO"]
[Source "lmi"]
[SourceDate "2007.09.14"]

1. d4 Nf6 2. c4 g6 3. Nc3 Bg7 4. e4 d6 5. g3 O-O 6. Bg2 e5 7. Nf3 Nc6 8. dxe5
Nxe5 9. Nxe5 dxe5 10. Bg5 c6 11. O-O Be6 12. b3 Qa5 13. Qc2 h6 14. Bd2 Qc7 15.
Na4 b6 16. Bc3 Rfd8 17. Rad1 Ne8 18. Nb2 Rxd1 19. Rxd1 Rd8 20. Nd3 f6 21. f4
Bg4 22. Rd2 exf4 23. Nxf4 Rxd2 24. Qxd2 Kf7 25. Nd3 Be6 26. Nf4 Bg4 27. Nd3 a5
28. Qe3 Be6 29. Nf4 Bd7 30. Nd3 Be6 31. Bd4 c5 32. Bb2 g5 33. Bc3 1/2-1/2

[Event "17. Europa ch Juvenil - Masculino s12"]
[Site "Sibenik CRO"]
[Date "2007.09.20"]
[Round "7.1"]
[White "Bukavshin, Ivan"]
[Black "Nyzhnyk, Illya"]
[Result "1/2-1/2"]
[WhiteElo "2250"]
[BlackElo "2341"]
[PlyCount "57"]
[EventDate "2007.09.14"]
[EventType "swiss"]
[EventRounds "9"]
[EventCountry "CRO"]
[Source "lmi"]
[SourceDate "2007.09.14"]

1. e4 c5 2. Nf3 Nc6 3. d4 cxd4 4. Nxd4 Qc7 5. Nc3 e6 6. g3 a6 7. Bg2 Nf6 8. O-O
d6 9. a4 Bd7 10. Nb3 Be7 11. a5 O-O 12. Be3 Ne5 13. Nd2 Nc4 14. Nxc4 Qxc4 15.
Qd3 Qxd3 16. cxd3 Ng4 17. Bb6 Ne5 18. Rfd1 Rfc8 19. f4 Nc6 20. d4 Nb4 21. Rd2
Bd8 22. Bxd8 Rxd8 23. Ra3 Rac8 24. d5 exd5 25. exd5 b6 26. axb6 Rb8 27. Be4
Rxb6 28. Rd4 Rc8 29. Kf1 1/2-1/2

[Event "17. Europa ch Juvenil - Masculino s12"]
[Site "Sibenik CRO"]
[Date "2007.09.20"]
[Round "7.3"]
[White "Yudin, Ivan"]
[Black "Pardo Simon, David"]
[Result "0-1"]
[WhiteElo "2166"]
[BlackElo "2080"]
[PlyCount "112"]
[EventDate "2007.09.14"]
[EventType "swiss"]
[EventRounds "9"]
[EventCountry "CRO"]
[Source "lmi"]
[SourceDate "2007.09.14"]

1. d4 Nf6 2. c4 e6 3. Nc3 Bb4 4. f3 O-O 5. e4 Ne8 6. Bd3 c5 7. d5 Bxc3+ 8. bxc3
e5 9. Ne2 d6 10. O-O Nd7 11. Be3 g6 12. Bh6 Ng7 13. Ng3 Nb6 14. f4 exf4 15.
Bxf4 Qe7 16. Qd2 Nd7 17. Rf2 f6 18. Raf1 b6 19. Qd1 Ne5 20. Be2 h5 21. Re1 Bd7
22. Nf1 Rae8 23. Nd2 Rb8 24. Qc2 a6 25. Rb1 g5 26. Bxe5 Qxe5 27. Bd3 h4 28. Nf3
Qe7 29. Qd1 Qe8 30. Rfb2 Qd8 31. a4 Qc7 32. Bc2 Be8 33. e5 dxe5 34. Qd3 Nh5 35.
d6 Qg7 36. Rxb6 Rxb6 37. Rxb6 Nf4 38. Qd2 Bh5 39. Be4 f5 40. Bd5+ Kh8 41. Qe3
e4 42. Nd2 Ne2+ 43. Kh1 Nxc3 44. Qe1 Nxd5 45. cxd5 Qd4 46. d7 Kh7 47. Rd6 Rd8
48. Qf1 Bg6 49. Nc4 e3 50. Re6 f4 51. Re7+ Kg8 52. Re6 Bh5 53. Re5 e2 54. Rxg5+
Kf7 55. Nd6+ Kf6 56. Rf5+ Kg6 0-1

[Event "17. Europa ch Juvenil - Masculino s12"]
[Site "Sibenik CRO"]
[Date "2007.09.20"]
[Round "7.4"]
[White "Rapport, Richard"]
[Black "Dragun, Kamil"]
[Result "1-0"]
[WhiteElo "2122"]
[BlackElo "2050"]
[PlyCount "85"]
[EventDate "2007.09.14"]
[EventType "swiss"]
[EventRounds "9"]
[EventCountry "CRO"]
[Source "lmi"]
[SourceDate "2007.09.14"]

1. e4 c5 2. b3 d6 3. Bb2 e6 4. Nf3 a6 5. c4 Nc6 6. d4 cxd4 7. Nxd4 Bd7 8. Nc2
Nf6 9. Nc3 Be7 10. g3 Rc8 11. Ne3 O-O 12. Bg2 b5 13. O-O Na5 14. cxb5 axb5 15.
Rc1 Qb6 16. b4 Nc4 17. Nxc4 Rxc4 18. Na4 Qb8 19. Rxc4 bxc4 20. a3 Bc6 21. Nc3
Qb7 22. b5 Rb8 23. a4 Bf8 24. Re1 Qc7 25. Qa1 Ba8 26. Qc1 d5 27. exd5 exd5 28.
Ne2 Nd7 29. Nf4 Nb6 30. a5 Na4 31. Be5 Bd6 32. Bxg7 Bxf4 33. gxf4 Kxg7 34. Qa1+
d4 35. Qxd4+ Kg8 36. Re3 Bxg2 37. Rg3+ Kf8 38. Qg7+ Ke7 39. Re3+ Kd6 40. Qe5+
Kd7 41. Qf6 Ba8 42. Re7+ Kc8 43. Re8+ 1-0

[Event "17. Europa ch Juvenil - Masculino s12"]
[Site "Sibenik CRO"]
[Date "2007.09.20"]
[Round "7.5"]
[White "Bajarani, Ulvi"]
[Black "Gabuzyan, Hovhannes"]
[Result "1-0"]
[WhiteElo "2164"]
[BlackElo "2030"]
[PlyCount "81"]
[EventDate "2007.09.14"]
[EventType "swiss"]
[EventRounds "9"]
[EventCountry "CRO"]
[Source "lmi"]
[SourceDate "2007.09.14"]

1. e4 c5 2. Nf3 d6 3. d4 cxd4 4. Nxd4 Nf6 5. Nc3 Nc6 6. Bc4 e6 7. Be3 Be7 8.
O-O O-O 9. f4 Nxd4 10. Bxd4 Qc7 11. Qd3 Bd7 12. Bb3 Bc6 13. Rae1 b6 14. Qg3 Qb7
15. Re2 Ne8 16. f5 e5 17. Be3 Kh8 18. Bd5 Bxd5 19. Nxd5 Nf6 20. Nxf6 Bxf6 21.
Qf3 Qe7 22. Rd1 Rac8 23. Rd5 Rc6 24. c3 Bg5 25. Bf2 g6 26. g3 gxf5 27. exf5
Rfc8 28. Re4 f6 29. Qd3 Bc1 30. Qc2 Qf7 31. Rd1 Bg5 32. a3 Qa2 33. Re2 d5 34.
Qd3 Rd6 35. h4 Bh6 36. g4 Bf4 37. g5 Rg8 38. Kh1 fxg5 39. Bd4 Qc4 40. Rxe5 Kg7
41. Rxd5+ 1-0

[Event "17. Europa ch Juvenil - Masculino s12"]
[Site "Sibenik CRO"]
[Date "2007.09.20"]
[Round "7.6"]
[White "Chernyavskiy, Alexander"]
[Black "Talipov, Nafis"]
[Result "0-1"]
[WhiteElo "2259"]
[BlackElo "2021"]
[PlyCount "132"]
[EventDate "2007.09.14"]
[EventType "swiss"]
[EventRounds "9"]
[EventCountry "CRO"]
[Source "lmi"]
[SourceDate "2007.09.14"]

1. g3 c6 2. Bg2 d5 3. Nf3 Nf6 4. c4 Bg4 5. O-O Bxf3 6. Bxf3 e6 7. Qc2 Nbd7 8.
b3 Qc7 9. Bb2 Bd6 10. Bg2 O-O 11. d3 Rad8 12. Nd2 Rfe8 13. Rae1 Qb6 14. e4 dxe4
15. Nxe4 Nxe4 16. Rxe4 Be7 17. h4 Bf6 18. h5 Bxb2 19. Qxb2 h6 20. d4 Nf6 21.
Rh4 Qa5 22. Bf3 e5 23. b4 Qc7 24. Re1 exd4 25. Rxe8+ Rxe8 26. Qxd4 Ra8 27. Qc5
Qb6 28. Rd4 Qxc5 29. bxc5 Kf8 30. Rd2 Re8 31. Bg2 Ke7 32. Bh3 Rd8 33. Re2+ Kf8
34. Rb2 Rb8 35. Bf5 Ke7 36. g4 Kd8 37. Re2 b6 38. cxb6 axb6 39. Kg2 Rb7 40.
Rd2+ Ke7 41. f4 Nd7 42. Kf3 Nc5 43. Rb2 Kd6 44. Rd2+ Ke7 45. g5 Ra7 46. Re2+
Kd8 47. Kg4 Re7 48. Rd2+ Kc7 49. Bc2 Nd7 50. Kf5 Re6 51. Kg4 Re1 52. Rg2 Nc5
53. f5 hxg5 54. Kxg5 Rf1 55. h6 gxh6+ 56. Kf6 Nd7+ 57. Kxf7 Rf4 58. Kg7 h5 59.
Rh2 Rxc4 60. f6 Rg4+ 61. Kf7 Rf4 62. Ke7 Nxf6 63. Ke6 h4 64. Bf5 Nd5 65. Rg2 b5
66. Ke5 Rxf5+ 0-1

[Event "17. Europa ch Juvenil - Masculino s12"]
[Site "Sibenik CRO"]
[Date "2007.09.20"]
[Round "7.7"]
[White "Grigoryan, Karen H"]
[Black "Musialkiewicz, Jan"]
[Result "1-0"]
[WhiteElo "2150"]
[BlackElo "1926"]
[PlyCount "59"]
[EventDate "2007.09.14"]
[EventType "swiss"]
[EventRounds "9"]
[EventCountry "CRO"]
[Source "lmi"]
[SourceDate "2007.09.14"]

1. e4 e5 2. Nf3 Nc6 3. Bb5 a6 4. Ba4 Nf6 5. O-O Be7 6. Bxc6 bxc6 7. Nxe5 Nxe4
8. Re1 Nf6 9. d4 O-O 10. Bg5 Rb8 11. Nd2 Bb7 12. Ng4 Nd5 13. Rxe7 Nxe7 14. Nf6+
gxf6 15. Bxf6 Ng6 16. Bxd8 Rbxd8 17. Qh5 Rde8 18. Nf3 f6 19. Nh4 Nxh4 20. Qxh4
Re6 21. Qg3+ Kh8 22. Qxc7 Rfe8 23. h3 Bc8 24. Rd1 d5 25. Kh2 Rg8 26. Rd3 h6 27.
Rg3 Ree8 28. Qxc6 Ref8 29. Rxg8+ Kxg8 30. Qxd5+ 1-0

[Event "17. Europa ch Juvenil - Masculino s12"]
[Site "Sibenik CRO"]
[Date "2007.09.20"]
[Round "7.8"]
[White "Savitskiy, Sergey"]
[Black "Tejedor Fuentes, Enrique"]
[Result "1/2-1/2"]
[WhiteElo "2127"]
[BlackElo "1918"]
[PlyCount "85"]
[EventDate "2007.09.14"]
[EventType "swiss"]
[EventRounds "9"]
[EventCountry "CRO"]
[Source "lmi"]
[SourceDate "2007.09.14"]

1. e4 e6 2. d4 d5 3. Nd2 dxe4 4. Nxe4 Nd7 5. Bd3 Ngf6 6. Qe2 Be7 7. Nf3 O-O 8.
Bg5 h6 9. Bd2 b6 10. O-O-O Bb7 11. Ne5 Nxe4 12. Bxe4 Bxe4 13. Qxe4 Nxe5 14.
dxe5 Qd5 15. Qxd5 exd5 16. Be3 Rad8 17. f4 Rfe8 18. Rhe1 Bf8 19. g4 g5 20. fxg5
Rxe5 21. gxh6 Rde8 22. Kd2 d4 23. Bf2 Bxh6+ 24. Kd3 c5 25. Rxe5 Rxe5 26. Re1
Rd5 27. Re7 a6 28. Ra7 b5 29. Ke4 Rd6 30. Bg3 Re6+ 31. Kf5 Bg7 32. Rc7 c4 33.
Rd7 Re2 34. Rd8+ Kh7 35. g5 Rxc2 36. h4 d3 37. h5 Bxb2 38. g6+ fxg6+ 39. hxg6+
Kg7 40. Rd7+ Kg8 41. Rd8+ Kg7 42. Rd7+ Kg8 43. Rd8+ 1/2-1/2

[Event "17. Europa ch Juvenil - Masculino s12"]
[Site "Sibenik CRO"]
[Date "2007.09.20"]
[Round "7.9"]
[White "Pagerka, Martin"]
[Black "Nasuta, Grzegorz"]
[Result "1/2-1/2"]
[WhiteElo "2094"]
[BlackElo "1958"]
[PlyCount "123"]
[EventDate "2007.09.14"]
[EventType "swiss"]
[EventRounds "9"]
[EventCountry "CRO"]
[Source "lmi"]
[SourceDate "2007.09.14"]

1. d4 d5 2. c4 dxc4 3. Nc3 Nf6 4. e3 e6 5. Bxc4 c5 6. Nf3 a6 7. a4 Nc6 8. O-O
b6 9. d5 exd5 10. Nxd5 Be6 11. e4 Nb4 12. Nxf6+ Qxf6 13. Bg5 Qg6 14. Ne5 Qxg5
15. Bxe6 Rd8 16. Bd7+ Ke7 17. f4 Qf6 18. Qd2 g6 19. Rad1 Bg7 20. Nf3 Kf8 21. e5
Qe7 22. Kh1 h6 23. Rfe1 Kg8 24. e6 Kh7 25. exf7 Qxf7 26. Ne5 Qf6 27. Ng4 Qf7
28. Qd6 Rhf8 29. g3 Qb3 30. Re7 Nc6 31. Re3 Qc2 32. Rd2 Qc4 33. Kg2 Nd4 34. Re1
Qxa4 35. Re7 Qb4 36. Rd3 Qxb2+ 37. Kh3 Nf5 38. Qe6 Nxe7 39. Qxe7 Qa2 40. Ne5
Qg8 41. Rd6 Rfe8 42. Bxe8 Rxd6 43. Qxd6 Qxe8 44. Qxb6 Bxe5 45. fxe5 Qxe5 46.
Qxa6 Qf5+ 47. Kg2 Qe4+ 48. Kf2 c4 49. Qa7+ Kg8 50. Qb6 Kf7 51. Qd6 Qe6 52. Qc7+
Kf6 53. Qd8+ Ke5 54. Ke3 g5 55. Qa5+ Qd5 56. Qc7+ Kf6 57. Qh7 Qe5+ 58. Kd2 Qb2+
59. Ke3 Qc3+ 60. Ke2 Qe5+ 61. Kd2 Qb2+ 62. Ke3 1/2-1/2

[Event "17. Europa ch Juvenil - Masculino s12"]
[Site "Sibenik CRO"]
[Date "2007.09.20"]
[Round "7.10"]
[White "Nikologorskiy, Konstantin"]
[Black "Sanchez Ibern, Marc"]
[Result "0-1"]
[WhiteElo "2084"]
[BlackElo "2087"]
[PlyCount "120"]
[EventDate "2007.09.14"]
[EventType "swiss"]
[EventRounds "9"]
[EventCountry "CRO"]
[Source "lmi"]
[SourceDate "2007.09.14"]

1. c4 e5 2. Nc3 Nc6 3. g3 Bc5 4. Bg2 a6 5. e3 d6 6. Nge2 Nge7 7. O-O O-O 8. a3
Ba7 9. h3 Be6 10. Nd5 Qd7 11. Kh2 Nd8 12. d4 c6 13. Nxe7+ Qxe7 14. d5 cxd5 15.
cxd5 Bd7 16. Bd2 b5 17. b4 f6 18. Nc3 Nf7 19. Qe2 Rfc8 20. Rfc1 Qe8 21. Bf1 e4
22. f3 exf3 23. Qxf3 Ne5 24. Qg2 Bxh3 25. Qxh3 Nf3+ 26. Kg2 Nxd2 27. Bd3 g6 28.
Rh1 Qf7 29. Ne4 Nxe4 30. Bxe4 Re8 31. Bf3 Rxe3 32. Qg4 Rae8 33. Ra2 Rc3 34. Rf1
Ree3 35. Kh2 Qe7 36. Rg2 f5 37. Qf4 Qe5 38. Qxe5 Rxe5 39. Ra2 Ree3 40. Kg2 Rxa3
41. Rxa3 Rxa3 42. Rc1 Bd4 43. Rc7 Be5 44. Ra7 Bc3 45. g4 fxg4 46. Bxg4 Bxb4 47.
Be6+ Kh8 48. Bc8 Bc5 49. Rxa6 Rxa6 50. Bxa6 b4 51. Bc4 Kg7 52. Kf3 Kf6 53. Kf4
h5 54. Bb3 g5+ 55. Ke4 g4 56. Kf4 Bd4 57. Bd1 Be5+ 58. Ke3 Kg5 59. Bb3 h4 60.
Kf2 Kf4 0-1

[Event "17. Europa ch Juvenil - Masculino s12"]
[Site "Sibenik CRO"]
[Date "2007.09.20"]
[Round "7.11"]
[White "Andersen, Mads"]
[Black "Shurunov, Arseniy"]
[Result "0-1"]
[WhiteElo "2070"]
[BlackElo "2037"]
[PlyCount "104"]
[EventDate "2007.09.14"]
[EventType "swiss"]
[EventRounds "9"]
[EventCountry "CRO"]
[Source "lmi"]
[SourceDate "2007.09.14"]

1. e4 c5 2. Nf3 d6 3. d4 cxd4 4. Nxd4 Nf6 5. Nc3 g6 6. Be3 Bg7 7. f3 O-O 8. Qd2
Nc6 9. Bc4 Bd7 10. O-O-O Qa5 11. Bb3 Rfc8 12. Kb1 Ne5 13. h4 Nc4 14. Bxc4 Rxc4
15. Nb3 Qc7 16. Bd4 Be6 17. h5 a5 18. hxg6 hxg6 19. Qe3 a4 20. Nc1 Rc8 21. N1e2
a3 22. e5 dxe5 23. Bxe5 Ng4 24. Bxc7 Nxe3 25. Rd8+ Rxd8 26. Bxd8 axb2 27. Bb6
Bxc3 28. Bxe3 Bf6 29. Nf4 Bf5 30. Nd3 e5 31. g4 Be6 32. Nxb2 Rb4 33. c3 Rb5 34.
a4 Rb3 35. Kc2 e4 36. fxe4 Rxc3+ 37. Kd2 Ra3 38. Nd1 Rxa4 39. Nf2 Ra2+ 40. Kd3
b5 41. Bc5 Bc4+ 42. Ke3 Bg5+ 43. Kf3 Be2+ 44. Kg3 Bf6 45. Bd6 Bd4 46. g5 Rc2
47. Ng4 Rc3+ 48. Kh4 Kg7 49. e5 Rc4 50. Be7 Bxe5 51. Re1 Rxg4+ 52. Kh3 Re4 0-1